| 000 | 00793nam a2200301 a 4500 | ||
|---|---|---|---|
| 001 | 35402 | ||
| 003 | AR-BaAGN | ||
| 005 | 20240713062540.0 | ||
| 007 | ta | ||
| 008 | 220625s1980 ag |||||r|||| ||||||spa d | ||
| 040 |
_dAR-BaAGN _aAR-BaAGN _bspa _eaacr |
||
| 100 | 1 | _aHux, Meinrado R. P. | |
| 245 | 1 | 0 |
_aColiqueo : _bel indio amigo de Los Toldos |
| 250 | _a3ª ed. | ||
| 260 |
_aBuenos Aires : _bEudeba, _c1980. |
||
| 300 |
_a285 páginas : _bil., mapas |
||
| 336 |
_2rdacontent _btxt |
||
| 337 |
_2rdamedia _bn |
||
| 338 |
_2rdacarrier _bnc |
||
| 600 | 1 | 4 | _aColiqueo, Ignacio |
| 650 | 4 |
_aPUEBLOS ORIGINARIOS _92209 |
|
| 650 | 4 |
_aCONFLICTOS DE LÍMITES _92372 |
|
| 651 | 4 |
_aLos Toldos _93872 |
|
| 651 | 4 |
_aArgentina _93645 |
|
| 942 | _cLIBRO | ||
| 999 |
_c35402 _d35402 |
||